Analýza a komparácia zdravotného poistenia v SR a ostatných členských krajinách EU diplomová práca

Gespeichert in:
Bibliographische Detailangaben
1. Verfasser: Rimko, Róbert
Körperschaft: Fakulta hospodárskej informatiky EU. Katedra matematiky
Weitere Verfasser: Peller, František
Format: Buch
Sprache:Slowakisch
Veröffentlicht: Bratislava 2013
Tags: Tag hinzufügen
Keine Tags, Fügen Sie das erste Tag hinzu!

MARC

LEADER 00000nbm a2200000 4500
001 0171727
005 20161109102453.6
041 0 |a slo 
044 |a SK 
245 1 0 |a Analýza a komparácia zdravotného poistenia v SR a ostatných členských krajinách EU  |b diplomová práca  |c Róbert Rimko ; školiteľ: František Peller 
264 1 |a Bratislava  |c 2013 
300 |a 62 s. 
100 1 |a Rimko, Róbert 
700 1 |a Peller, František 
710 2 |a Fakulta hospodárskej informatiky EU. Katedra matematiky